| 000 | 01469nam0a22002411 4500 | ||
|---|---|---|---|
| 001 | rc\4621137 | ||
| 005 | 20260407150937.0 | ||
| 035 | _a(NLR Aleph) 008399599 | ||
| 090 |
_a9228029 _c9228029 |
||
| 100 | _a20130416d1964 |||y0rusy50 ca | ||
| 101 | 0 | _arus | |
| 102 | _aRU | ||
| 105 | _ay z ||||| | ||
| 200 | 1 |
_aРешение Научно-технического совещания по вопросу повышения качества дорожных покрытий, устраиваемых с применением улучшенных нефтяных битумов и поверхностно-активных добавок. (г. Москва, ноябрь 1963 г.) _fЦентр. правл. Науч.-техн. о-ва гор. хоз. и автомоб. транспорта. Секция дор. хоз. |
|
| 210 |
_a[Москва] _cБ. и. _d1964 |
||
| 215 |
_a11 с. _d21 |
||
| 333 | _aДля служебного пользования. Экз. № 995 | ||
| 710 | 1 | 2 |
_aНаучно-техническое совещание по вопросу повышения качества дорожных покрытий, устраиваемых с применением улучшенных нефтяных битумов и поверхностно-активных добавок _f1963 _eМосква _3RU\NLR\AUTH\8810090812 _9682889 |
| 801 | 0 |
_aRU _bNLR _gpsbo |
|
| 801 | 1 |
_aRU _bELAR _2rusmarc |
|
| 852 |
_aNLR _j64-4/8274 |
||
| 942 | _cBOOK | ||
| 980 | _aNB | ||